MDQL
is popping MORE tags! Check the
thread
!
Quizzes
Events
Quiz Creation
Community
Videos
Private Events
Remove Ads
Sign In
Join for FREE
Feedback
Dark Mode
Quiz Categories
Sports
Geography
Music
Movies
Television
Just For Fun
Miscellaneous
History
Literature
Language
Science
Gaming
Entertainment
Religion
Holiday
For Kids
Quiz Lab
Recent
Popular Today
Quiz Kudos Today
Editor Picks
Curator Picks
Quizzes by...
Day
Popularity
Type
Ratings
Length
Year
Community
Subscriptions
Recent Discussions
Orange Saloon
Badges
Playlists
Quests
Create
Leaderboards
Showdown
Live 5
Trivia Bingo
Activity
Puzzle Library
Sporcle Events
Private Events
Virtual Trivia
Globe League
Become a Host
Pub Owners
SporcleCon
Opinionation
Our Games
Videos
Blog
Mobile Apps
Partnerships
Remove Ads and Go Orange
Feedback
Gaming
Video Games
Board Games
Card Games
Pokémon
Mario
Nintendo
Minecraft
Console
Toys
Legend of Zelda
Gaming
Video Games
Board Games
Card Games
Pokémon
Mario
Nintendo
Minecraft
Console
Toys
Legend of Zelda
Random Quiz
Search Sporcle
×
Quiz Lab
Quiz Lab
Gaming
Color
Type in answers that appear in a list
Type in answers that appear in a list
Classic
Best Score? Go Orange.
Do you know what it takes to open dis?A metroid quiz Stats
Can you name the things you need to open dis?
By
metroidfan777
5m
34 Questions
181 Plays
181 Plays
181 Plays
Comments
Comments
Give Quiz Kudos
Give Quiz Kudos
-
- Ratings
hide this ad
Forced Order
Answers have to be entered in order
Answers have to be entered in order
Replay
Link that replays current quiz
Next Quiz
Link to next quiz in quiz playlist
You Got
0%
They Got
Avg Score
27%
Avg Friend Score
Upgrade to see
Score Distribution
Jump to the score distribution portion of the page
Score
0/34
Timer
05:00
0
Plays Today
color
what it uses to open
% Correct
red doors
5 missiles
76.8%
red doors
5 missiles
66.9%
red doors
5 missiles
53.6%
green doors
super missile
51.9%
red doors
plasma beam
50.8%
white doors
light beam
48.1%
white doors
ice beam
47%
black doors
dark beam
45.3%
red doors
missile
42.5%
green doors
super missile
41.4%
red doors
missile
38.7%
red doors
missile
38.1%
green doors
nova beam
36.5%
green doors
super missile
35.9%
yellow doors
power bomb
34.3%
purple doors
wave beam
33.1%
white doors
ice missile
32%
color
what it uses to open
% Correct
gray doors
missile
22.7%
purple doors
seeker missile
21.5%
orange doors
plasma beam
21.5%
blue doors
anything
13.8%
blue doors
anything
13.3%
blue doors
anything
13.3%
blue doors
anything
12.7%
blue doors
anything
12.7%
red doors
SL 4
8.3%
yellow doors
seeker missile
8.3%
purple doors
grapple voltage
7.2%
green doors
SL 2
6.1%
yellow doors
SL 3
4.4%
blue doors
SL 1
3.3%
gray doors
dead door
2.2%
gray doors
dead door
2.2%
gray doors
dead door
2.2%
Quiz Playlist
Details
Report
Send in Message
Add To Playlist
Classic:
Type in answers that appear in a list
Forced Order:
Answers have to be entered in order
Last Updated: Feb 16, 2017
Quiz Scoreboard
CHALLENGE
Sign Up to Join the Scoreboard
Show All
Scores
Hide
Comments
May contain spoilers
Recently Published
Find the 'City' Movie
by crazypaving
Movies
60s
5x2 Blitz: Bands
by SL_Kpop136
Music
30s
Colored Red Africa Blitz
by spor1
Geography
30s
More to Explore
Quiz From the Vault
Featured Blog Post
14 Easter Pick-up Lines to Find Eggs With
hide this ad
You Might Also Like...
Tags
Color Quiz
Nintendo Quiz
dis
metroid
open
Today's Top Quizzes in Gaming
Browse Gaming
hide this ad
Today's Top Quizzes in Color
Browse Color
Top Contributed Quizzes in Gaming
1
League of Legends Pro Players by Career/Team History
2
Genshin murder mystery
3
Destiny 2 exotic weapons by perk icons
4
Dead By Daylight Logic Puzzle
5
Genshin Impact Logic Puzzle
6
Valorant Agent Developer Names (Up to Clove)
7
Overwatch 2: Ultimate Ability Icons
8
Who's on the WWE 2K24 Cover?
9
Genshin Impact Logic Puzzle Quiz II
10
4x4 Decades: Video Games
Explore More
Trending Topics
Kpop
NBA
Crossword
Disney
Marvel
Harry Potter
Anime
WWE
Song
NFL
Country
Puzzle
Pokémon
Soccer
The Office
hide this ad
More By:
metroidfan777
Quiz
Plays
Rating
Category
Featured
Created
do you know what it takes to open dis?A metroid quiz
181
1.57
Gaming
Jul 7, 2011
can you name it (football editon)
59
1.60
Sports
Jun 21, 2011
metroid quiz part 1
32
1.50
Gaming
Jun 20, 2011
Go to Creator's Profile
Score Distribution
Quiz Creator Spotlight
metroidfan777
Follow
Send a Message
Quizzes Created
-
Created Quiz Play Count
-
More By This Creator
Popular Quizzes Today
1
Colored Red Africa Blitz
2
Find the 'City' Movie
3
Find the US States - No Outlines Minefield
4
5x2 Blitz: Bands
5
The Countries of the World
6
Find the US States
7
Find the Countries of Europe - No Outlines Minefield
8
US States
More Gaming Quizzes
Video Game Missing Word
Curator's Pick
Trending Quizzes
Colored Red Europe Blitz I
Colored Red Africa Blitz II
Colored Red Europe Blitz II
Colored Red Europe Blitz III
Colored Red Africa Blitz III
Recently Updated
How Do You Spell That?
pecheneg
Godzilla Movies
pecheneg
Grab Bag: 4-10 Letters
pecheneg
2024 March Madness Bracket
pecheneg
Famous TV Couples
Peacemaker
Champions League XIs: Real Madrid
pecheneg
Largest US Cities 1790-2010
pecheneg
Rides in Walt Disney World
pecheneg
Most Oscar Losses (Acting)
pecheneg
Beyoncé Albums
pecheneg
Trending Topics
Anime
Kpop
NBA
Disney
Harry Potter
Marvel
Crossword
Country
The Office
Puzzle
Song
WWE
Soccer
Pokémon
NFL
Your Account Isn't Verified!
In order to create a playlist on Sporcle, you need to verify the email address you used during registration. Go to your
Sporcle Settings
to finish the process.
Report this User
Report this user for behavior that violates our
Community Guidelines
.
Details:
Send Report
Go to the Sporcle.com Mobile Site →
Comments